1891 1900 1995 1741 1299 1442 1636 1099 1890 1104 1314 1391 1115 1035 1207 1414 1407 1601 1836 1354 1064 1052 1400 1760 1161 1031 1007 1736 1972 1985 1564 1275 1712 1372 1218 1681 1522 1983 1886 1212 1606 1522 1667 1737 1029 1816 1119 1565 1969 1378 1664 1470 1793 1108 1194 1726 1565 1413 1506 1869 1871 1128 1777 1821 1631 1933 1258 1480 1855 1730 1909 1849 1702 1705 1412 1743 1259 1272 1565 1782 1292 1489 1117 1601 1557 1021 1785 1939 1132 1695 1217 1827 1309 1513 1192 1069 1010 1033 1528 BCNSPRNW ULIB Ver.6.0+V

เปลี่ยนเป็นภาษาไทย

Change to English
 แสดงรายละเอียดบรรณานุกรม
  กลับหน้าหลัก

Brief Record : Get Marc (ISO 2709) : E-mail record : QR code < ปิดหน้าต่าง
LEADER : 00000nam 2200000uu 4500
001    13399123472
003     ULIB
008    140923s2557||||th 000 0 tha d
020    ^a9786169201403
060  0 ^aWY152^bศ499ก
100 0  ^aศิริอร สินธุ
245 00 ^aการจัดการรายกรณีผู้ป่วยโรคเบาหวานและความดันโลหิตสูง/^cศิริอร สินธุ
250    ^aพิมพ์ครั้งที่ 2
260    ^aกรุงเทพฯ :^bโรงพิมพ์วัฒนาการพิมพ์,^c2557
300    ^a235 หน้า :^bตาราง ;^c26 ซม.
650  7 ^aการพยาบาลโรคเรื้อรัง
650  7 ^aการพยาบาลผู้ป่วยโรคเบาหวาน
650  7 ^aการพยาบาลผู้ป่วยโรคความดันโลหิตสูง
700 0  ^aพิเชต วงรอต
945    ^p280^l0^i20793
945    ^p280^l0^i20794
945    ^p280^l0^i20795
945    ^p280^l0^i20796
945    ^p280^l0^i20797
999    ^aทศพร เกษรทอง
รายการนี้ยังไม่มีแท็ก
คุณยังไม่ได้ล็อกอิน คุณสามารถมีกิจกรรมร่วมกับเว็บไซต์ได้ แต่ต้องล็อกอินก่อน ::
  ล็อกอิน

รายการสื่อสารสนเทศ

ลำดับที่ ประเภท เลขเรียก/บาร์โค้ด สถานที่ สถานะ
1. Book การพยาบาล
Book การพยาบาล
สถานะ=หนังสือเก่า
WY152 ศ499ก ฉ.1 
  Barcode: 20793
ห้องสมุดวิทยาเขตนครสวรรค์
►ส่วนจัดเก็บหนังสือเก่า นว.
บนชั้น
  ขอยืม
2. Book การพยาบาล
Book การพยาบาล
WY152 ศ499ก ฉ.2 
  Barcode: 20794
ห้องสมุดวิทยาเขตนครสวรรค์
►หนังสือทั่วไป:l:General Books
ถูกยืม กำหนดส่งวันที่ 23 ตุลาคม 2567
  จอง
3. Book การพยาบาล
Book การพยาบาล
WY152 ศ499ก ฉ.3 
  Barcode: 20795
ห้องสมุดวิทยาเขตนครสวรรค์
►หนังสือทั่วไป:l:General Books
บนชั้น
4. Book การพยาบาล
Book การพยาบาล
สถานะ=หนังสือเก่า
WY152 ศ499ก ฉ.4 
  Barcode: 20796
ห้องสมุดวิทยาเขตนครสวรรค์
►ส่วนจัดเก็บหนังสือเก่า นว.
บนชั้น
  ขอยืม
5. Book การพยาบาล
Book การพยาบาล
สถานะ=หนังสือเก่า
WY152 ศ499ก ฉ.5 
  Barcode: 20797
ห้องสมุดวิทยาเขตนครสวรรค์
►ส่วนจัดเก็บหนังสือเก่า นว.
บนชั้น
  ขอยืม

รายการใกล้เคียง
    ผู้แต่ง [ศิริอร สินธุ]

    หัวเรื่อง [การพยาบาลโรคเรื้อรัง]
    หัวเรื่อง [การพยาบาลผู้ป่วยโรคเบาหวาน]
    หัวเรื่อง [การพยาบาลผู้ป่วยโรคความดันโลหิตสูง]

BibComment


ยังไม่เคยถูกคอมเมนท์

คอมเมนท์ทรัพยากรรายการนี้
  คอมเมนท์: การจัดการรายกรณี..


 Copyright 2026. Bcnsprnw @Library